Statistics for Saltwater game fish

Click here to take the quiz!

General Stats

  • This quiz has been taken 52 times
  • The average score is 8 of 16

Answer Stats

HintAnswer% Correct
very large; bears a signature sword-like upper jawswordfish/marlin
93%
like the previous, but with a notable M-shaped sail; one of the fastest animals on Earthsailfish
89%
posessijg a variety of colors; the two most commonly-caught species are blue and/or yellowtuna
80%
boxy, square-shaped head; erroneously referred to as a "dorado''mahi-mahi
75%
"yay!'' "woohoo!'' *insert synonyms for excitement*wahoo
68%
one of the largest mackerel speciesking mackerel
61%
a relative of tuna; the spanish word for "pretty''bonito
55%
named after a male chickenroosterfish
55%
a migratory species of bass, known for its characteristic lateral bandsstriped bass
55%
one of the largest of the trevallies; recorded eating birds by leaping up and grabbing themgiant trevally/kingfish
43%
a flatfish with a northerly distributionhalibut
39%
known for its immensely-powerful body, which can execute astounding leapstarpon
34%
very aggressive, even cannibalistic; named for its blue colorationbluefish
32%
related to the sharksuckers (remora), except it lacks the suction diskcobia
27%
very popular food fish; follows stingrays to snatch up their foodbonefish
7%
a beloniid fish; infamous for various cases of injuring anglers, occasionally fatallyhoundfish
0%

Score Distribution

Percentile by Number Answered

Percent of People with Each Score

Your Score History

You have not taken this quiz